| 000 | 00891cam a22002535a 4500 | ||
|---|---|---|---|
| 001 | ##L125954 | ||
| 008 | 040426s1997 xxk f 000 0 eng d | ||
| 020 | _a011702063X | ||
| 035 | _a(Sirsi) u125954 | ||
| 041 | 0 | _aeng | |
| 050 | 0 | 4 | _a692.5 $2 18 |
| 110 | 2 |
_aTarmac Professional Services _94807 |
|
| 245 | 0 | 0 | _aPSA schedule of rates for mechanical services |
| 250 | _a3rd ed. | ||
| 260 |
_aLondon _bStationery Office _c1997 |
||
| 300 |
_a268p. _c31cm. |
||
| 350 | _a140 | ||
| 520 | _aCovers all aspects of mechanical work, including installation of boilers, oil storage, air conditioning and thermal insulation as well as pipework, valves, pumps and heaters. | ||
| 520 | _aSuperseded by fourth edition (ISBN 0117028568). | ||
| 651 | 4 |
_aUnited Kingdom _y |
|
| 690 | _aBUILT ENVIRONMENT-BUILDING COSTS | ||
| 710 | 2 |
_aUnited Kingdom _bProperty Services Agency _91138 |
|
| 942 | _n0 | ||
| 999 |
_c103525 _d103525 |
||